LEADER 01189nam--2200373---450- 001 990000747830203316 005 20060104105825.0 035 $a0074783 035 $aUSA010074783 035 $a(ALEPH)000074783USA01 035 $a0074783 100 $a20011119d19871976km-y0itay0103----ba 101 $aita 102 $aIT 105 $a||||||||001yy 200 1 $aPreistoria e protostoria della Puglia centrale$eatti della 25. Riunione scientifica$eMonopoli, 16-19 ottobre 1984 210 $aMonopoli$cComune di Monopoli$d1987 215 $a347 p$cill.$d24 cm 410 $12001 606 0 $aPreistoria$yPuglia centrale$xCongressi$z1984 606 0 $aCongressi$yMonopoli$z1984 676 $a937.7 710 02$aIstituto italiano di preistoria e protostoria$0387152 801 0$aIT$bsalbc$gISBD 912 $a990000747830203316 951 $aIX.1. 45(X B 257)$b96509 LM$cX B 959 $aBK 969 $aUMA 979 $aPATTY$b90$c20011119$lUSA01$h1141 979 $c20020403$lUSA01$h1722 979 $aPATRY$b90$c20040406$lUSA01$h1651 979 $aCOPAT6$b90$c20060104$lUSA01$h1058 996 $aPreistoria e protostoria della Puglia centrale$9963314 997 $aUNISA LEADER 01045nas 22003493 450 001 9910873565203321 005 20210125100649.0 035 $a(OCoLC)708221236 035 $a(CKB)3400000000014441 035 $a(CONSER)--2017200846 035 $a(IEEE)1002603 035 $a(EXLCZ)993400000000014441 100 $a20100618a20109999 --- a 101 0 $aeng 135 $aur||||||||||| 181 $ctxt$2rdacontent 182 $cc$2rdamedia 183 $acr$2rdacarrier 200 10$a... IEEE CPMT Symposium Japan 210 1$a[Piscataway, N.J.] :$cIEEE,$d2010- 311 $a2373-5449 606 $aElectronic packaging$vCongresses 606 $aElectronic packaging$2fast$3(OCoLC)fst00907414 608 $aConference papers and proceedings.$2fast 615 0$aElectronic packaging 615 7$aElectronic packaging. 676 $a621 712 02$aInstitute of Electrical and Electronics Engineers. 906 $aCONFERENCE 912 $a9910873565203321 996 $a.. IEEE CPMT Symposium Japan$91887866 997 $aUNINA